| 000 | 01419nam a22002057a 4500 | ||
|---|---|---|---|
| 999 |
_c13507 _d13507 |
||
| 003 | AR-CdUCM | ||
| 008 | 190415b ||||| |||| 00| 0 spa d | ||
| 040 |
_aMUNICIPALIDAD PROVINCIAL DEL CUSCO _cBIBLIOTECA MUNICIPAL DEL CUSCO |
||
| 082 |
_a974.750836 / _bV38 |
||
| 100 |
_aVazquez, Andrés Clemente _931952 |
||
| 245 | _aBosquejo histórico de la agregación a México de Chiapas y Soconusco y de las negociaciones sobre limites entabladas por México con Centroamérica y Guatemala / | ||
| 260 |
_aMéxico : _bPorrua, S.A., _c1971. |
||
| 300 |
_a661 páginas ; _c21 cm. |
||
| 440 |
_aArchivo histórico diplomático Mexicano. _n36 _931953 |
||
| 505 | _aContenido :El gobierno Mexicano procedió con grande actividad el nombramiento del señor Bonilla y en la preparación de su viaje, dándole instrucciones al propio señor Bonilla para el arreglo de os limites con Centro América -- Datos que el gobierno de Chiapas remitió al señor Bonilla, acerca de la cuestión de limites --Injurias hechas en Guatemala al señor Bonilla y a México -- Males causados en Socomusco por el desertor mexicano don António José Martínez, como jefe del ejercito expedicionario de Guatemala, sobre los insurrectos acaudillados por el ex-presidente Arce -- Sucesos políticos en centro América ... | ||
| 650 |
_aMéxico _918 |
||
| 650 |
_aHistoria general de México _931954 |
||
| 942 |
_2ddc _cLIBROS |
||
| 945 |
_arum _d2019-04-15 |
||